000 00339nam a2200145Ia 4500
008 210210b1924 xxu||||| |||| 00| 0 eng d
041 _aeng
082 _a829/949
100 _aSCOTT (Sir W)
245 _aTalisman
260 _aLondon
_bMacmillan & Co. Ltd.
_c1924
650 _aTalisman
690 _aEnglish Fiction
906 _a017564
999 _c137548
_d137548